000 01499nam0a2200373 4500
001 RU\NLR\BIBL_A\011387340
005 20241103212318.0
010 _a9785699970094
_92000
021 _aRU
_b2017-27229
_92011
035 _a(RuMoRGB)008857093
035 _a(NLR Aleph) 011387340
090 _a11435199
_c11435199
100 _a20170518d2017 u y0rusy50 ca
101 0 _arus
102 _aRU
105 _aab z 001zy
200 1 _aЯрославль
_eкраsnый гид
_e[путеводитель
_eс детальной картой города внутри
_eвсе нужное, ничего лишнего
_fН. Б. Леонова]
205 _a[2-е изд.]
210 _aМосква
_cЭ
_d2017
215 _a126 с.
_cцв. ил., карты
_d19
_e[1] отд. л. цв. карт
225 1 _aКрасный гид
300 _aИнформация обновлена на 2017 г.
320 _aУказ.: 126
333 _a6+
607 _aЯрославль, город
_jПутеводители
_91162057
_3RU\NLR\AUTH\66147422
686 _aЯ23(2Р-4Яр-2Я)
_2rubbk
686 _aД18(2Рос-4Яро-2Ярославль)764я64
_2rubbk
686 _aД18(2Рос-4Яро-2Ярославль)3я64
_2rubbk
686 1 _aД890(2Р344-4Яр-2)я23
702 1 _4220
_aЛеонова
_bН. Б.
_cэкскурсовод
_gНадежда Борисовна
_9161043
_3RU\NLR\AUTH\770161085
942 _cBOOK
980 _aNBR